000
00328nam a2200133Ia 4500
005
20260328104327.0
008
260328s9999||||xx |||||||||||||| ||und||
100
_a
Martín, Manuel
245
0
_a
La Invención de la Arquitectura /
_c
Manuel Martín
260
_b
Celeste
300
_a
232 p.
650
_a
TEORÍA
942
_c
BK
999
_c
11554
_d
11554